000 00571nam a2200205Ia 4500
003 GCL
008 140319s9999 xx 000 0 ara d
040 _aGCL /
_cGCL
082 0 4 _aق
_b932.033
_bح ن
100 1 _aالحسينى صالح
245 1 0 _aنهاية مدينة فرعونية /
_cالحسينى صالح
260 _a[S.N] :
_bمكتبة مدبولى ،
_c1991
300 _a83 ص
490 _a
650 0 4 _aتاريخ
650 0 4 _aمصر القديمة
650 0 4 _aالحضارة الفرعونية
650 0 4 _aبنها
942 _2ddc
_cBK
999 _c52376
_d52376